Detekcia poškodenia pomocou optimalizačnej metódy AMS

Enregistré dans:
Détails bibliographiques
Auteur principal: Vajašová, Rebecca (Auteur)
Autres auteurs: Lamperová, Katarína (Directeur de thèse)
Format: Manuscrit Livre
Langue:slovaque
Publié: 2025
Sujets:
Accès en ligne:http://is.stuba.sk/zp/portal_zp.pl?podrobnosti=181948
CRZP
Tags: Ajouter un tag
Pas de tags, Soyez le premier à ajouter un tag!

MARC

LEADER 00000ntm a22000003a 4500
001 stuzp104619
003 SK-STU
005 20250801122954.0
007 ta
008 150427s2015----xo-----f-mn---000-0-slo-d
040 |a STU  |b slo 
041 0 |a slo 
100 1 |a Vajašová, Rebecca  |u 010250  |4 aut  |U SvF Stavebná fakulta  |T SvF Katedra stavebnej mechaniky  |X 110104  |U V250  |Y 26  |7 110104 
242 0 1 |a Damage detection using AMS optimization method  |y eng 
245 1 0 |a Detekcia poškodenia pomocou optimalizačnej metódy AMS 
260 |c 2025 
650 4 |a optimization method  |2 eng 
650 4 |a mode shapes  |2 eng 
650 4 |a experiment  |2 eng 
650 4 |a AMS  |2 eng 
650 4 |a displacements  |2 eng 
650 4 |a natural frequencies  |2 eng 
650 4 |a premiestnenia  |2 slo 
650 4 |a experiment  |2 slo 
650 4 |a optimalizačná metóda  |2 slo 
650 4 |a vlastné frekvencie  |2 slo 
650 4 |a vlastné tvary  |2 slo 
650 4 |a AMS  |2 slo 
700 1 |a Lamperová, Katarína  |u 010250  |k Z1  |4 ths  |U SvF Stavebná fakulta  |T SvF Katedra stavebnej mechaniky  |X 7460  |U V250  |Y 26  |7 A000007460 
856 4 |u http://is.stuba.sk/zp/portal_zp.pl?podrobnosti=181948 
856 4 |u https://opac.crzp.sk/?fn=detailBiblioForm&sid=226A7A544DA3649F665739E9F6D0  |z CRZP